Phép tính vi tích phân Toán cao cấp A1 dùng cho sinh viên đại học và cao đẳng T.1

שמור ב:
מידע ביבליוגרפי
מחבר ראשי: Phan, Quốc Khánh
פורמט: ספר
שפה:Undetermined
יצא לאור: H. Giáo dục 2003
נושאים:
גישה מקוונת:http://lrc.tdmu.edu.vn/opac/search/detail.asp?aID=2&ID=6090
תגים: הוספת תג
אין תגיות, היה/י הראשונ/ה לתייג את הרשומה!
Thư viện lưu trữ: Trung tâm Học liệu Trường Đại học Thủ Dầu Một
LEADER 00691nam a2200217Ia 4500
001 TDMU_6090
008 210410s9999 xx 000 0 und d
082 |a 515 
090 |b PH105 
100 |a Phan, Quốc Khánh 
245 0 |a Phép tính vi tích phân 
245 0 |b Toán cao cấp A1 dùng cho sinh viên đại học và cao đẳng 
245 0 |c Phan Quốc Khánh 
245 0 |n T.1 
260 |a H. 
260 |b Giáo dục 
260 |c 2003 
300 |a 374tr 
650 |a Toán cao cấp; Vi tích phân 
856 |u http://lrc.tdmu.edu.vn/opac/search/detail.asp?aID=2&ID=6090 
980 |a Trung tâm Học liệu Trường Đại học Thủ Dầu Một